The cambridge history of the English language (0 521 26475 8)
Bewaard in:
| Hoofdauteur: | |
|---|---|
| Formaat: | Boek |
| Taal: | Undetermined |
| Gepubliceerd in: |
Cambridge
1992
|
| Tags: |
Voeg label toe
Geen labels, Wees de eerste die dit record labelt!
|
| Thư viện lưu trữ: | Trung tâm Học liệu Trường Đại học Cần Thơ |
|---|
| LEADER | 00528nam a2200145Ia 4500 | ||
|---|---|---|---|
| 001 | CTU_49225 | ||
| 008 | 210402s9999 xx 000 0 und d | ||
| 082 | |a 420.9 | ||
| 082 | |b C178/Vol.2 | ||
| 100 | |a The cambridge history of the English language (0 521 26475 8) | ||
| 245 | 4 | |a The cambridge history of the English language (0 521 26475 8) | |
| 245 | 4 | |c The cambridge history of the English language (0 521 26475 8), Norman Blake | |
| 260 | |b Cambridge | ||
| 260 | |c 1992 | ||
| 980 | |a Trung tâm Học liệu Trường Đại học Cần Thơ | ||